| 000 | nam a22 7a 4500 | ||
|---|---|---|---|
| 999 |
_c115803 _d115803 |
||
| 005 | 20171003083726.0 | ||
| 008 | 171003b mx ||||| |||| 00| 0 spa d | ||
| 020 | _a9707018976 | ||
| 050 | 0 | 4 |
_aKGF3015 _bL48 2007 |
| 100 | 1 | _aLevy Vázquez, Carlos E. | |
| 245 | 1 | 4 |
_aLos internacionalistas frente a la mundialización de la información _c / Carlos E. Levy Vázquez |
| 250 | _a1a ed. | ||
| 260 |
_aMéxico : _bMiguel Ángel Porrúa: _bUniversidad Nacional Autónoma de México; _bFacultad de Estudios Superiores Aragón, _c2007 |
||
| 300 |
_a292 p. ; _c21 cm. |
||
| 504 | _aBibliografía : p. 275-292 | ||
| 650 | 7 |
_2lemb _aLibertad de información _zMéxico |
|
| 650 | 7 |
_2lemb _aGlobalización _zMéxico |
|
| 650 | 7 |
_2lemb _aLibertad de prensa _zMéxico |
|
| 650 | 7 |
_2lemb _aDerecho constitucional _zMéxico |
|
| 650 | 7 |
_2lemb _aDerechos humanos _zMéxico |
|
| 942 |
_2lcc _cLIB |
||